| 000 | 00789nam a22002295a 4500 | ||
|---|---|---|---|
| 005 | 20160609124911.0 | ||
| 008 | 160609s2014 ii a fr 001 0 eng d | ||
| 020 | _a9789351523291 | ||
| 040 |
_aEG-ScBUE _beng _cEG-ScBUE _dEG-ScBUE |
||
| 082 | 0 | 4 |
_222 _a616.96 _bSAS |
| 100 | 1 |
_aSastry, Apurba Sankar. _940142 |
|
| 245 | 1 | 0 |
_aEssentials of medical parasitology / _cApurba Sankar Sastry, Sandhya Bhat K. ; forword Reba Kanungo. |
| 250 | _a1st ed. | ||
| 260 |
_aNew Delhi : _bJaypee Brothers Medical Publishers, _c2014. |
||
| 300 |
_axvi, 341 p. : _bill. ; _c24 cm. |
||
| 500 | _aIndex : p. [335]-341. | ||
| 650 | 7 |
_2BUEsh _936711 _aMedical parasitology. |
|
| 653 |
_bPPhrm _cJune2016 |
||
| 700 | 1 | _aK., Sandhya Bhat | |
| 700 | 1 |
_aKanungo, Reba, _eauthor of introduction, etc. |
|
| 942 | _2ddc | ||
| 999 |
_c21862 _d21834 |
||